Politique Française en R - Statistiques

Statistiques générales
  • Ce quiz a été pris 134 fois
  • Le résultat moyen est 7 sur 10
Statistiques - réponses
Hint Réponse % Correct
Nouveau nom du Front National depuis 2018 Rassemblement National (RN)
99%
Sénateur de Vendée de 2004 à 2024, il préside le groupe Les Républicains (LR) au Sénat jusqu’en 2024, où il devient ministre de l’Intérieur du gouvernement Barnier. Bruno Retailleau
88%
Secrétaire national du Parti Communiste Français (PCF) depuis 2018, il a été député du Nord et candidat malheureux à l’élection présidentielle de 2022 (2,28%). Fabien Roussel
79%
Députée Les Écologistes de Paris depuis 2022, elle a été porte-parole et secrétaire nationale adjointe du parti. Ses prises de position féministes font d’elle une cible permanente de l’extrême-droite. Sandrine Rousseau
78%
Mode d’organisation démocratique actuel en France. Se caractérise par des représentants élus et un chef d’Etat non-héréditaire République
77%
Premier ministre de François Mitterrand entre 1988 et 1991, il a également été plusieurs fois ministre, député, sénateur et premier secrétaire du Parti Socialiste (PS). Michel Rocard
74%
Premier ministre de Jacques Chirac de 2002 à 2005, il a également été sénateur et ministre. Jean-Pierre Raffarin
64%
Journaliste et réalisateur devenu homme politique, fondateur du Journal Fakir et du mouvement Picardie Debout !, il se distance de Jean-Luc Mélenchon en 2024. François Ruffin
62%
Ensemble de mesures modifiant le système français de retraite qui a entraîné un mouvement social d’ampleur en 2023. Réforme des retraites
61%
Ancien sénateur Parti Socialiste, ancien ministre du travail et maire de Dijon depuis 2001. François Rebsamen
35%
Aucun quiz correspondant
Distribution des résultats
% des personnes avec chaque résultat
Percentile par nombre de réponses
Votre historique - résultats
Vous n’avez pas pris ce quiz